<?xml version="1.0" encoding="UTF-8"?>
<marc:record xmlns:marc="http://www.loc.gov/MARC21/slim">
   <marc:leader>00000nam a2200000 a 4500</marc:leader>
   <marc:datafield ind1="1" ind2=" " tag="100">
      <marc:subfield code="a">Chapman, Gary D.</marc:subfield>
      <marc:subfield code="4">aut</marc:subfield>
      <marc:subfield code="e">Verfasser/-in</marc:subfield>
   </marc:datafield>
   <marc:datafield ind1="1" ind2=" " tag="100">
      <marc:subfield code="a">Chapman, Gary D.</marc:subfield>
   </marc:datafield>
   <marc:datafield ind1=" " ind2=" " tag="653">
      <marc:subfield code="a">Gott</marc:subfield>
   </marc:datafield>
   <marc:datafield ind1=" " ind2=" " tag="653">
      <marc:subfield code="a">Liebe</marc:subfield>
   </marc:datafield>
   <marc:datafield ind1=" " ind2=" " tag="653">
      <marc:subfield code="a">Softcover</marc:subfield>
   </marc:datafield>
   <marc:datafield ind1=" " ind2=" " tag="653">
      <marc:subfield code="a">Karte</marc:subfield>
   </marc:datafield>
   <marc:datafield ind1=" " ind2=" " tag="653">
      <marc:subfield code="a">Theologie / Christentum</marc:subfield>
   </marc:datafield>
   <marc:datafield ind1="0" ind2="0" tag="245">
      <marc:subfield code="a">Die fünf Sprachen der Liebe Gottes</marc:subfield>
   </marc:datafield>
   <marc:datafield ind1="0" ind2="0" tag="245">
      <marc:subfield code="c">Gary Chapman. [Aus dem Amerikan. von Bettina Stippich und Antje Gerner</marc:subfield>
   </marc:datafield>
   <marc:datafield ind1=" " ind2="1" tag="264">
      <marc:subfield code="a">Giessen</marc:subfield>
      <marc:subfield code="b">Brunnen-Verl.</marc:subfield>
      <marc:subfield code="c">2004</marc:subfield>
   </marc:datafield>
   <marc:datafield ind1="1" ind2=" " tag="520">
      <marc:subfield code="a">Wie können wir Gott hören und verstehen, was er uns sagen will? Unglaublich, aber wahr: Um es uns leichter zu machen, bedient sich Gott häufig gerade unserer persönlichen Liebessprache. Daher erfahren manche Menschen ihn besonders im Gottesdienst, andere bei praktischen Taten der Nächstenliebe, wieder andere, indem sie in der Stille ein Wort der Bibel auf sich wirken lassen. - Jeder Mensch hat seine ganz persönlichen geistlichen Formen, in denen er Gott besonders hört und erfährt. - Andere müssen nicht genau dieselben Formen des geistlichen Lebens lieben wie wir. - Gott spricht alle Liebessprachen. - Kein Mensch muss alle Liebessprachen verstehen, um Gott zu hören. - Gott will uns lehren, weitere Sprachen der Liebe zu lernen, so dass wir immer besser verstehen, wie er zu uns redet. Eine Einladung, Gott mit unserer ganz persönlichen Liebessprache zu suchen und zu hören. Und eine Werbung für mehr Großzügigkeit und Gelassenheit in der Gemeinde, in der Partnerschaft und der Familie.</marc:subfield>
   </marc:datafield>
   <marc:datafield ind1=" " ind2=" " tag="020">
      <marc:subfield code="a">9783765518577</marc:subfield>
      <marc:subfield code="9">9783765518577</marc:subfield>
   </marc:datafield>
   <marc:datafield ind1=" " ind2=" " tag="020">
      <marc:subfield code="a">3765518573</marc:subfield>
      <marc:subfield code="9">3765518573</marc:subfield>
   </marc:datafield>
   <marc:datafield ind1=" " ind2=" " tag="041">
      <marc:subfield code="a">ger</marc:subfield>
   </marc:datafield>
   <marc:datafield ind1=" " ind2=" " tag="300">
      <marc:subfield code="a">223 S.</marc:subfield>
   </marc:datafield>
</marc:record>
